| 000 | 00545nam a2200193Ia 4500 | ||
|---|---|---|---|
| 003 | BUBTL | ||
| 008 | 151213s9999 xx 000 0 und d | ||
| 020 | _a0415097363 | ||
| 082 | _a658.802/ C874m/ 1994 | ||
| 100 |
_a Croft, Michal J. _92743 |
||
| 245 |
_aMarket Segmentation _cMichal J. Croft |
||
| 260 |
_aLondon & New York _bRoutledge _cc1994 |
||
| 300 |
_ax,82p.: _b21cm. _cMarketing. |
||
| 650 |
_aMarketing _92744 |
||
| 700 |
_aMichal J. Croft _92745 |
||
| 856 |
_k0 _l0 _yDownload |
||
| 942 |
_2ddc _cBK |
||
| 999 |
_c2110 _d2110 |
||